• 首页
  • 本馆介绍
  • 公告通知
  • 最新文献
  • 馆藏检索
  • 电子资源
  • 读者导购
  • 参考咨询
  • 我的图书馆
  • 登录
  • 详细信息显示
  • 放入我的书架
  • 预约/预借图书
  • 作者相关作品
  • 分类相关作品
  • 丛书相关作品
  • 出版社相关作品

书目信息

  • 表格格式
  • 工作单格式
  • 卡片格式
题名:
做有教养的人
    
 
作者: 曲宪荣 , 马丽 主编
分册:  
出版信息: 哈尔滨   哈尔滨地图出版社  2015.02
页数: 275页
开本: 21cm
丛书名:
单 册:
中图分类: G634.253
科图分类:
主题词: 品德教育--中学--教学参考资料
电子资源:
ISBN: 978-7-5465-1131-3
000 00975nam0 2200265 450
001 007914411
005 20161026095215.95
010    @a978-7-5465-1131-3@dCNY26.00
100    @a20150731d2015 em y0chiy50 ea
101 0  @achi
102    @aCN@b230000
105    @ay z 000yy
106    @ar
200 1  @a做有教养的人@9zuo you jiao yang de ren@e绥化六中德育校本课程资料汇编@f曲宪荣,马丽主编
210    @a哈尔滨@c哈尔滨地图出版社@d2015.02
215    @a275页@d21cm
330    @a本书叙述的内容包括:社会主义核心价值观、素质教育口诀——第六中学学子铭、学子铭简缩篇、中学生日常行为规范口诀、弟子规、论语、千字文、诗经名篇等。
333    @a教育研究人员
517 1  @a绥化六中德育校本课程资料汇编@9sui hua liu zhong de yu xiao ben ke cheng zi liao hui bian
606 0  @a品德教育@x中学@j教学参考资料
690    @aG634.253@v5
701  0 @a曲宪荣@9qu xian rong@4主编
701  0 @a马丽@9ma li@4主编
801  0 @aCN@bNLC@c20151124
905    @b881624-29@dG634.253@e1201@f6
    
    做有教养的人:绥化六中德育校本课程资料汇编/曲宪荣,马丽主编.-哈尔滨:哈尔滨地图出版社,2015.02
    275页;21cm
    使用对象:教育研究人员
    
    ISBN 978-7-5465-1131-3:CNY26.00
    本书叙述的内容包括:社会主义核心价值观、素质教育口诀——第六中学学子铭、学子铭简缩篇、中学生日常行为规范口诀、弟子规、论语、千字文、诗经名篇等。
●
相关链接 在E读中查询图书 在五车中查询图书 在当当中查询图书 在豆瓣中查询图书


正题名:做有教养的人     索取号:G634.253/1201         预约/预借

序号 登录号 条形码 馆藏地/架位号 状态 备注
1 881624   208816245   第一样本阅览室/ [索取号:G634.253/1201] 在馆    
2 881625   208816254   教育系资料室/ [索取号:G634.253/1201] 在馆    
3 881626   208816263   教育系资料室/ [索取号:G634.253/1201] 在馆    
4 881627   208816272   教育系资料室/ [索取号:G634.253/1201] 在馆    
5 881628   208816281   第四借阅区/ [索取号:G634.253/1201] 在馆    
6 881629   208816290   第四借阅区/ [索取号:G634.253/1201] 在馆    
唐山师范学院图书馆 欢迎您!
大连网信软件有限公司© 版权所有